000 00475nam a2200181Ia 4500
001 15195
005 20260306165010.0
008 260306t2010||||xx |||||||||||||| ||spa||
041 _aESP
082 _a530
_bT58 V. 1 2010
100 _aTipler, Paul A.
_eAUT
245 0 _aFisica para la ciencia y la tecnología:
_bmecánica,oscilaciones y ondas, termodinámica
260 _c2010
300 _a
_c27 cm.
650 _aGEN
654 _aCCN
942 _cLIB
_dJUS
_fJUS
_2ddc
_n
999 _c15195
_d15195